Random Countries in Their Own Language - Statistics

General Stats
  • This quiz has been taken 324 times
  • The average score is 16 of 20
Answer Stats
Country Names Country % Correct
Österreich Austria
100%
Azərbaycan Azerbaijan
100%
België Belgium
100%
Brasil Brazil
100%
Tchad Chad
100%
中国 China
100%
Comores Comoros
100%
République Démocratique du Congo Democratic Republic of the Congo
100%
Danmark Denmark
100%
Guinea Ecuatorial Equatorial Guinea
100%
Eesti Estonia
100%
Ελλάδα Greece
100%
Indonesië Indonesia
100%
ישראל Israel
100%
Italia Italy
100%
Қазақстан Kazakhstan
100%
Косово Kosovo
100%
Latvija Latvia
100%
Madagasikara Madagascar
100%
Mauritanie Mauritania
100%
Moçambique Mozambique
100%
북한 North Korea
100%
Pilipinas Philippines
100%
Slovenija Slovenia
100%
Soomaaliya Somalia
100%
Sudan Kidul South Sudan
100%
Sverige Sweden
100%
Точикистон Tajikistan
100%
Việt Nam Vietnam
100%
Bosna i Hercegovina Bosnia and Herzegovina
94%
Deutschland Germany
93%
Nederlands Netherlands
93%
Slovensko Slovakia
93%
República Dominicana Dominican Republic
92%
日本 Japan
92%
Македонија North Macedonia
92%
Norge Norway
92%
Polska Poland
92%
République du Congo Republic of the Congo
92%
Schweiz Switzerland
92%
Guinée-Bissau Guinea-Bissau
91%
Lietuva Lithuania
91%
Città del Vaticano Vatican City
91%
България Bulgaria
90%
Guinée Guinea
90%
Türkiye Turkey
90%
O'zbekiston Uzbekistan
90%
Cabo Verde Cape Verde
89%
Ísland Iceland
89%
Éireann Ireland
89%
Україна Ukraine
89%
España Spain
88%
Negara Brunei Brunei
87%
Cameroun Cameroon
86%
Singapura Singapore
86%
Česká Republika Czech Republic
85%
Côte d'Ivoire Ivory Coast
83%
Timor Leste East Timor
82%
Suomi Finland
82%
Magyarország Hungary
82%
ایران Iran
82%
Hrvatska Croatia
80%
Монтенегро Montenegro
80%
Россия Russia
78%
Србија Serbia
78%
Беларусі Belarus
75%
भारत India
75%
Кыргызстан Kyrgyzstan
75%
Liban Lebanon
75%
العراق Iraq
71%
Lëtzebuerg Luxembourg
71%
République Centrafricaine Central African Republic
70%
المملكة العربية السعودية Saudi Arabia
70%
ประเทศไทย Thailand
70%
Érythrée Eritrea
69%
বাংলাদেশ Bangladesh
67%
ኢትዮጵያ Ethiopia
67%
ປະເທດລາວ Laos
67%
Монгол Mongolia
67%
پاکستان Pakistan
67%
Հայաստան Armenia
64%
台湾 Taiwan
64%
اليمن Yemen
64%
საქართველო Georgia
60%
تونس Tunisia
60%
افغانستان Afghanistan
56%
المغرب Morocco
55%
नेपाल Nepal
54%
Shqipëri Albania
50%
دولة قطر Qatar
50%
الإمارات العربية المتحدة United Arab Emirates
50%
الجزائر Algeria
47%
ប្រទេសកម្ពុជា Cambodia
47%
البحرين Bahrain
46%
الكويت Kuwait
45%
대한민국 South Korea
43%
Κύπρος Cyprus
40%
الأردن Jordan
40%
ليبيا Libya
40%
مصر Egypt
38%
ދިވެހިރާއްޖެ Maldives
38%
မြန်မာ Myanmar
36%
سوريا Syria
30%
سلطنة عمان Oman
29%
འབྲུག་ཡུལ Bhutan
22%
இலங்கை Sri Lanka
20%
No matching quizzes found
Score Distribution
Percent of People with Each Score
Percentile by Number Answered
Your Score History
You have not taken this quiz